[Event "Skalica op-B"]
[Site "Skalica"]
[Date "2023.08.20"]
[Round "2"]
[White "Kastler, Peter"]
[Black "Kubis, Ivan"]
[Result "0-1"]
[WhiteElo "1617"]
[BlackElo "1823"]
[PlyCount "76"]
[EventDate "2023.08.19"]
[EventType "swiss"]
[EventRounds "9"]
[EventCountry "SVK"]
[SourceTitle "CBM 215 Extra"]
[Source "ChessBase"]
[SourceDate "2023.09.30"]
[SourceVersion "1"]
[SourceVersionDate "2023.09.30"]
[SourceQuality "1"]

1. d4 Nf6 2. e3 e6 3. Nf3 b6 4. g3 d5 5. Bd3 Bb7 6. 0-0 Be7 7. Nbd2 0-0 8. Re1 c5 9. c3 c4 10. Bc2 b5 11. e4 dxe4 12. Nxe4 Nbd7 13. Nfd2 Nd5 14. Nf1 a5 15. Ne3 N7b6 16. Nxd5 Nxd5 17. Nd2 Rc8 18. Nf1 Qd7 19. Ne3 Nf6 20. Ng4 Rfd8 21. Nxf6+ Bxf6 22. Bf4 Bd5 23. Be4 Qc6 24. Qf3 b4 25. Bxd5 Rxd5 26. Qe3 h6 27. Qe2 a4 28. Be5 Bxe5 29. dxe5 bxc3 30. bxc3 Rd3 31. Rac1 Rcd8 32. Red1 Qd5 33. Rxd3 cxd3 34. Qe3 d2 35. Rd1 Qxa2 36. Qb6 Rd5 37. Qb4 Qc2 38. Qg4 a3 0-1

[Event "Skalica op-B"]
[Site "Skalica"]
[Date "2022.08.25"]
[Round "6"]
[White "Kubik, Jozef"]
[Black "Kastler, Peter"]
[Result "1-0"]
[WhiteElo "1796"]
[BlackElo "1617"]
[PlyCount "33"]
[EventDate "2022.08.20"]
[EventType "swiss"]
[EventRounds "9"]
[EventCountry "SVK"]
[SourceTitle "CBM 209 Extra"]
[Source "ChessBase"]
[SourceDate "2022.09.30"]
[SourceVersion "1"]
[SourceVersionDate "2022.09.30"]
[SourceQuality "1"]

1. e4 b6 2. d4 Bb7 3. Bd3 e6 4. Nf3 Nf6 5. Qe2 c5 6. d5 exd5 7. exd5+ Qe7 8. c4 Qxe2+ 9. Kxe2 d6 10. Re1 Be7 11. Kf1 Nbd7 12. Bf4 Kd8 13. Nc3 a6 14. Re2 h6 15. Rae1 Re8 16. Nd2 Kc7 17. Rxe7 1-0

[Event "Skalica op-B"]
[Site "Skalica"]
[Date "2022.08.23"]
[Round "4"]
[White "Kapolkova, Greta"]
[Black "Kastler, Peter"]
[Result "1-0"]
[WhiteElo "1757"]
[BlackElo "1617"]
[PlyCount "27"]
[EventDate "2022.08.20"]
[EventType "swiss"]
[EventRounds "9"]
[EventCountry "SVK"]
[SourceTitle "CBM 209 Extra"]
[Source "ChessBase"]
[SourceDate "2022.09.30"]
[SourceVersion "1"]
[SourceVersionDate "2022.09.30"]
[SourceQuality "1"]

1. e4 e6 2. d4 d5 3. Nc3 dxe4 4. Nxe4 Nd7 5. Nf3 Ngf6 6. Nxf6+ Nxf6 7. Bg5 Be7 8. Bd3 0-0 9. Qe2 g6 10. h4 b6 11. h5 Kg7 12. hxg6 Rh8 13. Bh6+ Kg8 14. g7 1-0

[Event "SVK-chT4 A21 2122"]
[Site "Slovakia"]
[Date "2022.03.27"]
[Round "11.1"]
[White "Kastler, Peter"]
[Black "Hrubsa, Marian"]
[Result "0-1"]
[WhiteElo "1635"]
[BlackElo "1749"]
[PlyCount "64"]
[EventDate "2021.10.17"]
[EventType "team-tourn"]
[EventRounds "11"]
[EventCountry "SVK"]
[SourceTitle "EXT 2024"]
[Source "ChessBase"]
[SourceDate "2023.10.10"]
[SourceVersion "1"]
[SourceVersionDate "2023.10.10"]
[SourceQuality "1"]
[WhiteTeam "Holic II"]
[BlackTeam "Skalica II"]
[WhiteTeamCountry "SVK"]
[BlackTeamCountry "SVK"]

1. d4 d5 2. c4 e6 3. e3 Nf6 4. Nc3 c6 5. Nf3 Nbd7 6. Be2 b6 7. 0-0 Bd6 8. cxd5 exd5 9. Nd2 Qc7 10. a3 0-0 11. e4 dxe4 12. Ndxe4 Nxe4 13. Nxe4 Bxh2+ 14. Kh1 Re8 15. Bf3 Bf4 16. Re1 Re6 17. Bxf4 Qxf4 18. d5 cxd5 19. Qxd5 Rb8 20. Rad1 Nf8 21. Nd6 Rxe1+ 22. Rxe1 Be6 23. Qc6 Rd8 24. Ne4 Bh3 25. Qb7 Rd7 26. Qa8 Be6 27. Nc3 Qd2 28. Re2 Qc1+ 29. Kh2 Rd4 30. g3 Rd6 31. Qb8 Bd5 32. Re8 Rh6+ 0-1

[Event "SVK-chT3A2 2122"]
[Site "Slovakia"]
[Date "2022.02.27"]
[Round "10.5"]
[White "Janas, Peter"]
[Black "Kastler, Peter"]
[Result "1/2-1/2"]
[WhiteElo "1648"]
[BlackElo "1593"]
[PlyCount "110"]
[EventDate "2021.10.10"]
[EventType "team-tourn"]
[EventRounds "11"]
[EventCountry "SVK"]
[SourceTitle "EXT 2023"]
[Source "ChessBase"]
[SourceDate "2022.10.05"]
[SourceVersion "1"]
[SourceVersionDate "2022.10.05"]
[SourceQuality "1"]
[WhiteTeam "Hlohovec"]
[BlackTeam "Holic"]
[WhiteTeamCountry "SVK"]
[BlackTeamCountry "SVK"]

1. Nc3 Nf6 2. e4 e6 3. f4 Be7 4. Nf3 b6 5. d4 Bb7 6. Bd3 c5 7. e5 Ng8 8. dxc5 Bxc5 9. Ne4 Bxe4 10. Bxe4 Nc6 11. c3 b5 12. Nd4 Qb6 13. b4 Bxd4 14. cxd4 Rc8 15. Bxc6 Rxc6 16. Be3 Ne7 17. 0-0 Nd5 18. Bf2 0-0 19. f5 exf5 20. Qf3 Nxb4 21. d5 Rc5 22. Bxc5 Qxc5+ 23. Kh1 Qxd5 24. Qxf5 Qe6 25. Qb1 Nc6 26. Qxb5 Qxe5 27. Qd3 Rd8 28. Rad1 g6 29. Rc1 Qd4 30. Qf3 Rf8 31. Rcd1 Qc4 32. Qf2 Rd8 33. Rc1 Qe6 34. Qh4 Qe7 35. Qh6 Qf8 36. Qd2 Qb4 37. Qd5 Qe7 38. Rce1 Qf8 39. Rf2 Re8 40. Ref1 Re7 41. Rf6 Qe8 42. Qd2 Nd8 43. Qf2 Nc6 44. h4 Re2 45. Qg3 Re7 46. h5 Qb8 47. Qh4 Re5 48. hxg6 hxg6 49. g4 Qb5 50. Rxf7 Qd5+ 51. R7f3 Re3 52. Qf6 Rxf3 53. Rxf3 Qd1+ 54. Rf1 Qd5+ 55. Rf3 Qd1+ 1/2-1/2

[Event "SVK-chT4 A21 2122"]
[Site "Slovakia"]
[Date "2022.02.20"]
[Round "9.1"]
[White "Kastler, Peter"]
[Black "Musaev, Matej Elbek"]
[Result "0-1"]
[WhiteElo "1635"]
[BlackElo "1987"]
[PlyCount "66"]
[EventDate "2021.10.17"]
[EventType "team-tourn"]
[EventRounds "11"]
[EventCountry "SVK"]
[SourceTitle "EXT 2023"]
[Source "ChessBase"]
[SourceDate "2022.10.05"]
[SourceVersion "1"]
[SourceVersionDate "2022.10.05"]
[SourceQuality "1"]
[WhiteTeam "Holic II"]
[BlackTeam "Piestany Kupele III"]
[WhiteTeamCountry "SVK"]
[BlackTeamCountry "SVK"]

1. d4 d6 2. e3 g6 3. Nf3 Bg7 4. Be2 Nc6 5. 0-0 e5 6. dxe5 Nxe5 7. Nbd2 Nxf3+ 8. Bxf3 Ne7 9. Rb1 0-0 10. b3 Nc6 11. Bb2 Ne5 12. Be2 Bd7 13. Nf3 Qe7 14. Nxe5 dxe5 15. Qc1 Bc6 16. f3 Bh6 17. Kh1 Rfd8 18. Bd3 Rd7 19. Qe1 Rad8 20. e4 a6 21. Rd1 Bb5 22. Qe2 Bxd3 23. Rxd3 Rxd3 24. cxd3 Qc5 25. Rd1 f6 26. g3 Rd6 27. Kg2 Rc6 28. Kf1 Rd6 29. h4 Qc6 30. Qf2 Qd7 31. Ke2 Rc6 32. Kf1 Qh3+ 33. Kg1 Rc2 0-1

[Event "SVK-chT5 SE-SI 2122"]
[Site "Slovakia"]
[Date "2022.02.12"]
[Round "3.1"]
[White "Kastler, Peter"]
[Black "Krakovsky, Peter1111"]
[Result "1/2-1/2"]
[WhiteElo "1635"]
[BlackElo "1604"]
[PlyCount "62"]
[EventDate "2021.11.06"]
[EventType "team-tourn"]
[EventRounds "9"]
[EventCountry "SVK"]
[SourceTitle "EXT 2024"]
[Source "ChessBase"]
[SourceDate "2023.10.10"]
[SourceVersion "1"]
[SourceVersionDate "2023.10.10"]
[SourceQuality "1"]
[WhiteTeam "Petrova Ves II"]
[BlackTeam "Skalica III"]
[WhiteTeamCountry "SVK"]
[BlackTeamCountry "SVK"]

1. d4 d5 2. c4 c6 3. cxd5 cxd5 4. Nf3 Nf6 5. e3 e6 6. Bd3 Be7 7. 0-0 0-0 8. Ne5 Nc6 9. f4 Ne4 10. Nxc6 bxc6 11. Qc2 Bb7 12. Bxe4 dxe4 13. Qxe4 Qc7 14. Qc2 Rac8 15. b3 c5 16. Bb2 Qd7 17. Qe2 Rfd8 18. Nd2 cxd4 19. Bxd4 Bc6 20. Rfc1 f6 21. Nf3 Ba3 22. Bb2 Bxf3 23. gxf3 Bxb2 24. Qxb2 Qd3 25. Qf2 Rc3 26. Rxc3 Qxc3 27. Re1 Rd2 28. Re2 Rd1+ 29. Kg2 Qd3 30. Rc2 Qg6+ 31. Kh3 Qh5+ 1/2-1/2

[Event "SVK-chT3A2 2122"]
[Site "Slovakia"]
[Date "2021.11.21"]
[Round "4.4"]
[White "Kastler, Peter"]
[Black "Lezovic, Maros"]
[Result "0-1"]
[WhiteElo "1593"]
[BlackElo "1848"]
[PlyCount "54"]
[EventDate "2021.10.10"]
[EventType "team-tourn"]
[EventRounds "11"]
[EventCountry "SVK"]
[SourceTitle "EXT 2023"]
[Source "ChessBase"]
[SourceDate "2022.10.05"]
[SourceVersion "1"]
[SourceVersionDate "2022.10.05"]
[SourceQuality "1"]
[WhiteTeam "Holic"]
[BlackTeam "Modranka Komplet"]
[WhiteTeamCountry "SVK"]
[BlackTeamCountry "SVK"]

1. b3 e5 2. Bb2 Nc6 3. e3 d5 4. Bb5 Bd6 5. Nf3 Qe7 6. 0-0 Bg4 7. Be2 f5 8. d3 Nf6 9. Nbd2 g5 10. Ne1 0-0-0 11. Bxg4 Nxg4 12. h3 h5 13. Nef3 e4 14. Bxh8 Rxh8 15. Nd4 Qe5 16. f4 exf3 17. N4xf3 Qxe3+ 18. Kh1 Nf2+ 19. Rxf2 Qxf2 20. Qe1 Qxe1+ 21. Rxe1 g4 22. Ng1 f4 23. c3 Ne5 24. d4 Nd3 25. Rf1 Re8 26. c4 Bb4 27. Nb1 Be1 0-1

[Event "Skalica op-B"]
[Site "Skalica"]
[Date "2021.08.28"]
[Round "8"]
[White "Benci, Jozef1111"]
[Black "Kastler, Peter"]
[Result "1-0"]
[WhiteElo "1339"]
[BlackElo "1655"]
[PlyCount "101"]
[EventDate "2021.08.21"]
[EventType "swiss"]
[EventRounds "9"]
[EventCountry "SVK"]
[SourceTitle "CBM 204 Extra"]
[Source "ChessBase"]
[SourceDate "2021.11.30"]
[SourceVersion "1"]
[SourceVersionDate "2021.11.30"]
[SourceQuality "1"]

1. e4 e6 2. d3 d5 3. Nd2 dxe4 4. dxe4 Nc6 5. Ngf3 g6 6. Bd3 Bg7 7. 0-0 Nge7 8. Re1 0-0 9. a3 b6 10. Qe2 Bb7 11. e5 Nd5 12. Nf1 Nde7 13. h3 Nd4 14. Nxd4 Qxd4 15. Nh2 Rad8 16. Nf3 Qd7 17. Bg5 c5 18. Be4 Bxe4 19. Qxe4 Qc7 20. Qh4 Rd7 21. Bxe7 Rxe7 22. Rad1 Rd7 23. Rxd7 Qxd7 24. Qe4 Rd8 25. h4 Qd5 26. Qxd5 Rxd5 27. Kf1 Kf8 28. Re3 Ke7 29. Ke2 Bh6 30. Rd3 Bf4 31. g3 Bc1 32. Rb3 c4 33. Rb4 b5 34. a4 a5 35. Rxb5 Rxb5 36. axb5 Bxb2 37. Kd2 c3+ 38. Kd3 a4 39. Kc4 h6 40. Kb4 a3 41. Kb3 Kd7 42. Nd4 Kc7 43. Nc6 Bc1 44. Ne7 Kb6 45. Ng8 Kxb5 46. f4 g5 47. Nxh6 gxf4 48. gxf4 f5 49. exf6 Bxf4 50. Ng8 e5 51. f7 1-0

[Event "Skalica op-B"]
[Site "Skalica"]
[Date "2021.08.27"]
[Round "7"]
[White "Kastler, Peter"]
[Black "Kukan, Michal"]
[Result "0-1"]
[WhiteElo "1655"]
[BlackElo "1809"]
[PlyCount "138"]
[EventDate "2021.08.21"]
[EventType "swiss"]
[EventRounds "9"]
[EventCountry "SVK"]
[SourceTitle "CBM 204 Extra"]
[Source "ChessBase"]
[SourceDate "2021.11.30"]
[SourceVersion "1"]
[SourceVersionDate "2021.11.30"]
[SourceQuality "1"]

1. b3 e5 2. Bb2 d6 3. e3 Nc6 4. d4 exd4 5. exd4 Be7 6. d5 Bf6 7. Qe2+ Nce7 8. Bxf6 Nxf6 9. Nc3 0-0 10. 0-0-0 Re8 11. Qd2 a6 12. h3 b5 13. g4 b4 14. Na4 Nfxd5 15. Bg2 Bb7 16. Ne2 Rb8 17. Rhg1 Bc6 18. Nb2 a5 19. Nd4 Ba8 20. Na4 Nb6 21. Bxa8 Nxa8 22. Qg5 Nc6 23. Qd5 Nxd4 24. Rxd4 Re5 25. Qc6 Nb6 26. Nxb6 Rxb6 27. Qc4 Qe7 28. f4 Rc5 29. Re4 Qd7 30. Qe2 Rb8 31. Re1 g6 32. Qd3 Qc6 33. R1e2 Rf8 34. h4 Rc3 35. Qd4 Rg3 36. h5 Rxg4 37. h6 Qc3 38. Qxc3 bxc3 39. Kd1 Rh4 40. Ra4 Rxh6 41. Rxa5 Rh1+ 42. Re1 Rxe1+ 43. Kxe1 Re8+ 44. Kf2 Re4 45. Ra4 Re6 46. Rc4 c5 47. Rxc3 Kf8 48. a4 Re7 49. Rd3 Rd7 50. c3 c4 51. bxc4 Ke7 52. a5 Rc7 53. Rd2 Rxc4 54. Ra2 Rxf4+ 55. Kg3 Rc4 56. Ra3 Rc7 57. a6 Ra7 58. Kf4 h6 59. c4 Kd7 60. Ke4 Kc6 61. Kd4 h5 62. Rf3 Rd7 63. Rf6 Kc7 64. c5 dxc5+ 65. Kxc5 Re7 66. Rc6+ Kb8 67. Kb6 Re6 68. Rxe6 fxe6 69. Kc6 h4 0-1

[Event "Skalica op-B"]
[Site "Skalica"]
[Date "2021.08.25"]
[Round "5"]
[White "Kastler, Peter"]
[Black "Ciglian, Michal"]
[Result "0-1"]
[WhiteElo "1655"]
[BlackElo "1713"]
[PlyCount "52"]
[EventDate "2021.08.21"]
[EventType "swiss"]
[EventRounds "9"]
[EventCountry "SVK"]
[SourceTitle "CBM 204 Extra"]
[Source "ChessBase"]
[SourceDate "2021.11.30"]
[SourceVersion "1"]
[SourceVersionDate "2021.11.30"]
[SourceQuality "1"]

1. b3 d5 2. Bb2 c5 3. e3 Nc6 4. Nf3 Nf6 5. Bb5 Bd7 6. 0-0 e6 7. c4 a6 8. Bxc6 Bxc6 9. cxd5 Nxd5 10. Nc3 Be7 11. Nxd5 Qxd5 12. d4 Bf6 13. Rb1 Rd8 14. Qc2 cxd4 15. Bxd4 Bxd4 16. exd4 0-0 17. Rbd1 Qh5 18. Ne5 Bd5 19. f3 f6 20. Nc4 Rc8 21. Qe2 Rc7 22. Nb6 Qg6 23. Nxd5 exd5 24. Qe6+ Kh8 25. Qxd5 Rc2 26. Rf2 Rxf2 0-1

[Event "Skalica Schaeffler op"]
[Site "Skalica"]
[Date "2020.08.26"]
[Round "5"]
[White "Novomeska, Karin"]
[Black "Kastler, Peter"]
[Result "1/2-1/2"]
[WhiteElo "1465"]
[BlackElo "1713"]
[PlyCount "91"]
[EventDate "2020.08.23"]
[EventType "swiss"]
[EventRounds "9"]
[EventCountry "SVK"]
[SourceTitle "CBM 198 Extra"]
[Source "ChessBase"]
[SourceDate "2020.11.30"]
[SourceVersion "1"]
[SourceVersionDate "2020.11.30"]
[SourceQuality "1"]

1. d4 d5 2. c4 e6 3. Nc3 Nf6 4. Bg5 Be7 5. e3 0-0 6. Nf3 c6 7. cxd5 exd5 8. Qc2 Nbd7 9. a3 Re8 10. Bd3 h6 11. Bh4 b6 12. 0-0 Bb7 13. b4 Rc8 14. Qb3 Nf8 15. Ne5 N6d7 16. Bxe7 Rxe7 17. Nxd7 Rxd7 18. Rfc1 Rdc7 19. Qb2 Rb8 20. Qd2 Bc8 21. a4 a5 22. b5 c5 23. dxc5 Rxc5 24. Ne2 Rxc1+ 25. Rxc1 Bb7 26. Nd4 Rc8 27. Bf5 Rxc1+ 28. Qxc1 Qd6 29. Qc3 Nd7 30. Bxd7 Qxd7 31. h3 Kf8 32. g4 Qc8 33. Qxc8+ Bxc8 34. f4 Ke7 35. Kf2 Kd6 36. Nb3 g6 37. Ke2 Be6 38. Kd3 h5 39. f5 hxg4 40. hxg4 gxf5 41. g5 Ke5 42. Nd4 f4 43. exf4+ Kd6 44. Nxe6 Kxe6 45. Kd4 Kf5 46. Kxd5 1/2-1/2

[Event "Skalica Schaeffler op"]
[Site "Skalica"]
[Date "2020.08.23"]
[Round "1"]
[White "Durana, Jonas"]
[Black "Kastler, Peter"]
[Result "1/2-1/2"]
[WhiteElo "1351"]
[BlackElo "1713"]
[PlyCount "79"]
[EventDate "2020.08.23"]
[EventType "swiss"]
[EventRounds "9"]
[EventCountry "SVK"]
[SourceTitle "CBM 198 Extra"]
[Source "ChessBase"]
[SourceDate "2020.11.30"]
[SourceVersion "1"]
[SourceVersionDate "2020.11.30"]
[SourceQuality "1"]

1. e4 e6 2. d4 d5 3. exd5 exd5 4. Nc3 Nf6 5. Bg5 Be7 6. Nf3 0-0 7. Bd3 Bg4 8. 0-0 Nc6 9. Be2 Re8 10. Re1 h6 11. Bh4 Bf5 12. Bd3 Qd7 13. Bb5 Qd8 14. Ne5 Bd7 15. Bxf6 Bxf6 16. Nxd5 Bxe5 17. dxe5 Rxe5 18. Bxc6 Rxe1+ 19. Qxe1 Bxc6 20. Ne7+ Kf8 21. Nxc6 bxc6 22. Rd1 Qf6 23. Qb4+ Qe7 24. Qc3 Rd8 25. Re1 Qd6 26. Qe3 c5 27. Qe4 c6 28. Qh7 f6 29. Qe4 Qd7 30. h3 Re8 31. Qxe8+ Qxe8 32. Rxe8+ Kxe8 33. Kf1 Kd7 34. Ke2 Kd6 35. c4 Ke5 36. Ke3 g5 37. g4 f5 38. f3 f4+ 39. Kd3 Ke6 40. Ke4 1/2-1/2

[Event "Skalica op"]
[Site "Skalica"]
[Date "2020.01.11"]
[Round "9"]
[White "Kastler, Peter"]
[Black "Brunovsky, Peter"]
[Result "1/2-1/2"]
[WhiteElo "1681"]
[BlackElo "1912"]
[PlyCount "108"]
[EventDate "2020.01.11"]
[EventType "swiss"]
[EventRounds "9"]
[EventCountry "SVK"]
[SourceTitle "CBM 194 Extra"]
[Source "ChessBase"]
[SourceDate "2020.03.31"]
[SourceVersion "1"]
[SourceVersionDate "2020.03.31"]
[SourceQuality "1"]

1. d4 c6 2. c4 d5 3. e3 Bf5 4. Nf3 e6 5. Be2 Nd7 6. 0-0 Bd6 7. Nc3 Ngf6 8. Nh4 Bg6 9. Nxg6 hxg6 10. h3 0-0 11. b3 Re8 12. Bb2 Rc8 13. Rc1 Qe7 14. cxd5 exd5 15. Bf3 Nf8 16. Re1 Bb4 17. Re2 Bxc3 18. Rxc3 Ne4 19. Bxe4 Qxe4 20. Qd3 f5 21. Qxe4 Rxe4 22. Rc1 Rce8 23. Rce1 R4e6 24. Ba3 Nd7 25. Kf1 Nf6 26. f3 Nh5 27. Kf2 f4 28. Bc1 Ng3 29. Rc2 Nf5 30. Rce2 fxe3+ 31. Bxe3 Kf7 32. g4 Nd6 33. Bf4 Nb5 34. Rxe6 Rxe6 35. Rxe6 Kxe6 36. Be5 Kf7 37. Ke3 g5 38. Kd3 a6 39. Bb8 Ke6 40. a4 Nd6 41. Bxd6 Kxd6 42. Ke3 c5 43. Kd3 b5 44. axb5 axb5 45. Ke3 b4 46. Kd3 Kc6 47. dxc5 Kxc5 48. Ke3 Kd6 49. Kd4 g6 50. Kd3 Ke5 51. Ke3 d4+ 52. Kd3 Kd5 53. Kd2 Ke5 54. Kd3 Kd5 1/2-1/2

[Event "Skalica op"]
[Site "Skalica"]
[Date "2020.01.11"]
[Round "5"]
[White "Kastler, Peter"]
[Black "Sefcik, Marek"]
[Result "1-0"]
[WhiteElo "1681"]
[BlackElo "1988"]
[PlyCount "73"]
[EventDate "2020.01.11"]
[EventType "swiss"]
[EventRounds "9"]
[EventCountry "SVK"]
[SourceTitle "CBM 194 Extra"]
[Source "ChessBase"]
[SourceDate "2020.03.31"]
[SourceVersion "1"]
[SourceVersionDate "2020.03.31"]
[SourceQuality "1"]

1. d4 Nc6 2. c4 e5 3. dxe5 Nxe5 4. e3 Nf6 5. Be2 Bb4+ 6. Bd2 Bxd2+ 7. Nxd2 0-0 8. Ngf3 Qe7 9. 0-0 Re8 10. b3 Neg4 11. h3 Nh6 12. Qc2 d6 13. Rad1 Bf5 14. Bd3 Bxd3 15. Qxd3 Nd7 16. Nd4 g6 17. N2f3 Nc5 18. Qc3 Ne4 19. Qd3 f5 20. Nd2 Nc5 21. Qc3 a5 22. Ne2 Nf7 23. Nf4 c6 24. Nd3 Nd7 25. Nf3 Nf6 26. Nd2 a4 27. Ra1 Ng5 28. Nf4 Nge4 29. Qd3 Nxd2 30. Qxd2 Qe5 31. b4 Ne4 32. Qd3 Qb2 33. a3 Rad8 34. Qe2 Qf6 35. Rac1 Re7 36. Rfd1 Qe5 37. Nd3 1-0